Krajský snem MS Bratislavského kraja

Podrobná bibliografia
Hlavní autori: Socha, Peter Rastislav (Autor), Vlašicová, Erika (Autor)
Médium: Článok
Jazyk:slovenčina
Fyzický popis:Fotogr.
ISSN:0862-8823
Predmet:

MARC

LEADER 00000nab a2200000 a 4500
001 vtls000688295
003 SK-MaSNL
005 20260426063042.0
008 040806c xo 0 slo
015 |a SNBRB1999/04-08895 
035 |a CLN000040462 
040 |a SNKBUCL  |b slo  |c SNKBUCL  |e AACR2 
041 0 |a slo 
044 |a xo  |c SK 
080 |a 061.25(437.6):061.3  |2 UDC-MRF-SK2 
100 1 |a Socha, Peter Rastislav  |4 aut  |9 889524 
245 1 0 |a Krajský snem MS Bratislavského kraja  |c P.R. Socha, Erika Vlašicová 
300 |b Fotogr. 
610 2 7 |a Matica slovenská (Bratislavský kraj, Slovensko).  |b Snem  |f (1999)  |2 snkbucl  |9 29415 
651 7 |a Bratislava (Slovensko)  |2 snkbucl  |9 14568 
655 7 |a články z novín a časopisov  |2 snkbucl  |9 267496 
700 1 |a Vlašicová, Erika  |4 aut  |9 1122099 
773 0 |x 0862-8823  |t Slovenské národné noviny  |g Roč. 10 (14), č. 14-15 (1999), s. 10 
850 |a Slovenská národná knižnica v Martine 
852 |a SNK  |b KIS3GCP 
999 |c 2552173  |d 2554103